000 00511nam a2200181 a 4500
005 20140414093840.0
008 071003s19uu xx 00 eng d
050 _aVCD 940
_bTOW 2005
100 _aTownsley, Graham
245 _aRome power and glory :
_bthe fall /
_cProducer, director, writer: Graham Townsley.
260 _aSl :
_bDiscovery Channel,
_cc2005.
300 _a1 Videodisk
650 _aRome.
650 _aFilm (documentary).
650 _aFall of Rome.
942 _cAVM
999 _c109269
_d109269